书目信息 |
| 题名: |
当代国外马克思列宁主义哲学
|
|
| 作者: | 梅斯里夫钦科 主编 ;中共中央编译局 译 | |
| 分册: | 上册 | |
| 出版信息: | 北京 社会科学文献出版社 1986 |
|
| 页数: | 355页 | |
| 开本: | 20cm | |
| 丛书名: | ||
| 单 册: | ||
| 中图分类: | B17 | |
| 科图分类: | ||
| 主题词: | 马克思主义哲学--研究--外国--现代 | |
| 电子资源: | ||
| ISBN: | ||
| 000 | 01149nam0 2200289 45 | |
| 001 | 0196106494 | |
| 005 | 20040506081714.6 | |
| 010 | @dCNY6.30 | |
| 091 | @aCN@b2419.002 | |
| 100 | @a19900724d1986 kemy0chiy0121 ea | |
| 101 | 1 | @achi@crus |
| 102 | @aCN@b110000 | |
| 105 | @ay z 001yy | |
| 106 | @ar | |
| 200 | 10 | @a当代国外马克思列宁主义哲学@h上册@Adang dai guo wai ma ke si lie ning zhu yi zhe xue@f(苏)梅斯里夫钦科主编@g中共中央编译局研究室译 |
| 210 | @a北京@c社会科学文献出版社@d1986 | |
| 215 | @a355页@d20cm | |
| 300 | @a书名原文:Современная марксистско-ленинская философия в зарубежных странах | |
| 300 | @a附: 人名索引 | |
| 300 | @a据苏联莫斯科科学出版社1984年版译出 | |
| 510 | 1 | @aСовременная марксистско-ленинская философия в зарубежных странах@zrus |
| 606 | @a马克思主义哲学@x研究@y外国@z现代 | |
| 690 | @aB17@v3 | |
| 701 | 1 | @a梅斯里夫钦科@Amei si li fu qin ke@4主编 |
| 712 | 02 | @a中共中央编译局@Azhong gong zhong yang bian yi ju@4译 |
| 801 | 0 | @aCN@bNLC@c20040506 |
| 905 | @f2@b171096-097@dB17@e21:1 | |
| 当代国外马克思列宁主义哲学.上册/(苏)梅斯里夫钦科主编/中共中央编译局研究室译.-北京:社会科学文献出版社,1986 |
| 355页;20cm |
| 书名原文:Современная марксистско-ленинская философия в зарубежных странах.-附: 人名索引.-据苏联莫斯科科学出版社1984年版译出 |
| ISBN :CNY6.30 |
| ● |
| 相关链接 |
|
|
|
|
正题名:当代国外马克思列宁主义哲学
索取号:B17/21:1
 
预约/预借
| 序号 | 登录号 | 条形码 | 馆藏地/架位号 | 状态 | 备注 |
| 1 | 0171096 | 001124045 | 第一样本阅览室/ [索取号:B17/21:1] | 在馆 | |
| 2 | 0171097 | 001124036 | 密集书库/ [索取号:B17/21:1] | 在馆 |